| 000 | 00884nmm a2200289 a 4500 | ||
|---|---|---|---|
| 001 | ocm000588705 | ||
| 003 | TR-IsHL | ||
| 005 | 20201028122936.0 | ||
| 008 | 110704s2010 tu tur | ||
| 007 | cr cn | ||
| 020 | _a9786055672379 | ||
| 035 |
_a588705 _b(N$T) |
||
| 050 | 0 | 4 |
_aTX162 _b.I85 2010 |
| 090 | 0 | 4 |
_aTX162 _b.I85 2010 |
| 100 | 1 | _aIşık, Fatma | |
| 245 | 1 | 0 |
_aYaşamı kolaylaştıran pratik bilgiler _h[electronic resource] / _cFatma Işık ; ed. Zeynep Yıldız |
| 250 | _a1. bs. | ||
| 260 |
_aİstanbul : _bAres Kitap, _c2010 |
||
| 300 | _a144 p. | ||
| 650 | 4 | _aGenel Çalışmalar | |
| 650 | 4 | _aGeneral Works | |
| 650 | 0 | _aEv ekonomisi | |
| 650 | 0 | _aHome economics | |
| 650 | 7 |
_aHOUSE & HOME / General _2bisacsh |
|
| 700 | 1 | _aYıldız, Zeynep | |
| 856 | 4 | 0 | _uhttp://search.ebscohost.com/login.aspx?direct=true&scope=site&db=e011xww&AN=588705 |
| 999 |
_c2138 _d2138 |
||